「藤」のつく姓(名字)60種 - Statistics

General Stats
  • This quiz has been taken 1,531 times
  • The average score is 23 of 60
Answer Stats
順位 姓(名字) % Correct
1 佐藤
92%
34 藤田
89%
10 加藤
84%
5 伊藤
83%
48 藤原
81%
45 藤井
79%
373 藤川
75%
683 藤木
66%
19 斎藤
65%
1071 藤山
63%
376 藤野
62%
41 斉藤
61%
85 藤本
61%
395 藤沢
61%
36 近藤
57%
385 藤岡
57%
35 後藤
56%
38 遠藤
56%
598 江藤
55%
254 齋藤
54%
75 工藤
49%
186 須藤
48%
390 藤村
46%
242 武藤
44%
533 齊藤
44%
589 藤崎
41%
69 安藤
40%
1024 藤島
40%
155 内藤
37%
609 藤森
37%
601 進藤
35%
1115 藤谷
30%
1331 藤江
29%
1977 藤尾
29%
1385 藤枝
26%
1196 藤澤
24%
1922 大藤
22%
845 首藤
21%
1268 新藤
21%
2043 木藤
20%
1474 藤倉
19%
1517 藤間
19%
1585 藤代
17%
2095 藤林
16%
2182 藤波
16%
2189 藤吉
16%
1261 衛藤
15%
2237 尾藤
15%
1532 藤平
14%
1976 井藤
13%
1114 藤巻
13%
1910 藤城
13%
1968 権藤
12%
1858 藤永
11%
1617 松藤
10%
2175 藤沼
10%
2425 神藤
9%
2107 谷藤
8%
1658 兵藤
5%
2368 清藤
5%
No matching quizzes found
Score Distribution
Percent of People with Each Score
Percentile by Number Answered
Your Score History
You have not taken this quiz